000 00550nam a2200193 i 4500
001 83786
003 ES-MaACL
005 20230906174906.0
007 t|
008 041118s1933 fr ||||1| fre d
100 1 _aIsola, Maria dell.
_965586
245 1 0 _aLoreno Costa et son poeme "Cristóforo Colombo" /
_cMaría dell Isola.
260 _aParis :
_bPresses Universitaires,
_c1933.
300 _a17 h. ;
_c23 cm.
490 1 _aEtudes italiens
830 0 _aEtudes italiens
_9231638
852 _aES-MaACL
_j1806-F-14
999 _c83786
_d83786